[Event "5ème open de Provence (B)"]
[Site "Salon de Provence"]
[Date "2014.??.??"]
[Round "4.9"]
[White "Cavanihac, Claude"]
[Black "Faillat, Alois"]
[Result "1-0"]
[WhiteElo "1535"]
[BlackElo "1477"]
[PlyCount "59"]
[EventDate "2014.??.??"]

1. e4 c6 2. Nf3 d5 3. exd5 cxd5 4. d4 Bf5 5. Bd3 Bxd3 6. Qxd3 e6 7. Nc3 Nd7 8.
Bf4 Bb4 9. O-O a6 10. Nd1 Ne7 11. a3 Ba5 12. b4 Bc7 13. Bxc7 Qxc7 14. Ne3 Ng6
15. Rfe1 O-O 16. Rac1 b5 17. g3 Rac8 18. c3 Nb6 19. Nd2 Na4 20. Nd1 Rfd8 21. f4
Rd6 22. f5 exf5 23. Qxf5 Ne7 24. Rxe7 Qxe7 25. Qxc8+ Rd8 26. Qh3 Qe1+ 27. Nf1
Nb2 28. Qg4 Re8 29. Qf3 Re2 30. Nxb2 1-0

[Event "5ème open de Provence (B)"]
[Site "Salon de Provence"]
[Date "2014.??.??"]
[Round "4.10"]
[White "Misene, Milan"]
[Black "Brenon, Stephane"]
[Result "1-0"]
[WhiteElo "1410"]
[BlackElo "1360"]
[PlyCount "122"]
[EventDate "2014.??.??"]

1. e4 c5 2. Nf3 d6 3. d4 cxd4 4. Nxd4 Nf6 5. Nc3 g6 6. Be3 Bg7 7. f3 O-O 8. Qd2
Nc6 9. Bc4 Nxd4 10. Bxd4 Qc7 11. Bb3 Qa5 12. O-O-O Be6 13. Bxe6 fxe6 14. Kb1
Qa6 15. h4 e5 16. Be3 h5 17. Nd5 Kf7 18. Nc7 Qc6 19. Nxa8 Rxa8 20. Qd3 Rd8 21.
Qb3+ e6 22. Rd3 Rd7 23. Rhd1 Qa6 24. Qb4 d5 25. Ra3 Qe2 26. Qd2 Qb5 27. Rb3 Qc6
28. exd5 Nxd5 29. Qe2 Qa6 30. c4 Ke7 31. Bg5+ Bf6 32. Bxf6+ Kxf6 33. Qc2 Ne3
34. Rxe3 Rxd1+ 35. Qxd1 Qxc4 36. Rc3 Qd4 37. Qxd4 exd4 38. Rd3 e5 39. Kc1 Kf5
40. g3 g5 41. hxg5 Kxg5 42. Kd2 h4 43. gxh4+ Kxh4 44. Ke2 Kg3 45. Rb3 a5 46. a4
Kf4 47. Ra3 e4 48. fxe4 Kxe4 49. Rb3 Kd5 50. Kd3 b5 51. Rxb5+ Kc6 52. Kxd4 Kd6
53. Rc5 Ke6 54. Rd5 Ke7 55. Ke5 Kf7 56. Rd6 Ke7 57. Kd5 Kf7 58. Re6 Kg7 59. Kd6
Kf7 60. Kd7 Kg7 61. Ke7 Kh7 1-0

[Event "5ème open de Provence (B)"]
[Site "Salon de Provence"]
[Date "2014.??.??"]
[Round "4.11"]
[White "Hervy, Daniel"]
[Black "Ulloa, Philippe"]
[Result "0-1"]
[WhiteElo "1310"]
[BlackElo "1443"]
[PlyCount "80"]
[EventDate "2014.??.??"]

1. e4 e5 2. Nf3 d6 3. c3 c5 4. d4 cxd4 5. Bd3 dxc3 6. Nxc3 h6 7. O-O Nf6 8. h3
Be7 9. Nh2 O-O 10. f4 Nbd7 11. Ne2 Nc5 12. Qc2 Qb6 13. Be3 Bd7 14. Kh1 Rfc8 15.
Nc3 Qd8 16. Rf3 a6 17. f5 b5 18. Rg3 Kh7 19. Rf1 b4 20. Nd5 Ncxe4 21. Nxf6+
Bxf6 22. Bxe4 Rxc2 23. Bxc2 Rc8 24. Bb3 Be8 25. Bd5 Rc2 26. Rb1 Qe7 27. Nf3 e4
28. Ng5+ hxg5 29. Rg4 Bd7 30. Rxe4 Qf8 31. Rxb4 Bxf5 32. Rb7 Bg6 33. b4 Re2 34.
Bg1 Bxb1 35. Bf3 Re1 36. Ra7 Bd4 37. Ra8 Rxg1+ 38. Kh2 Qe7 39. Rxa6 Qe5+ 40. g3
Qxg3# 0-1

[Event "5ème open de Provence (B)"]
[Site "Salon de Provence"]
[Date "2014.??.??"]
[Round "4.12"]
[White "Benezra, Silke"]
[Black "Goeau, Aurelice"]
[Result "0-1"]
[WhiteElo "1405"]
[BlackElo "1232"]
[PlyCount "80"]
[EventDate "2014.??.??"]

1. d4 Nf6 2. Nf3 g6 3. c4 Bg7 4. Nc3 d6 5. e3 Nbd7 6. Be2 O-O 7. O-O e5 8. Bd2
c6 9. Qc1 Re8 10. e4 exd4 11. Nxd4 Nxe4 12. Be3 Nxc3 13. Qxc3 c5 14. Qd2 cxd4
15. Bg5 Qc7 16. Rac1 Ne5 17. Bf4 Bf5 18. c5 dxc5 19. b3 b6 20. Rfe1 Qd7 21.
Bxe5 Bxe5 22. a4 Qd6 23. g3 Be6 24. Bc4 Bxc4 25. Rxc4 Bg7 26. Rxe8+ Rxe8 27. b4
Qd5 28. Rc1 Bf8 29. bxc5 Bxc5 30. a5 Qf3 31. axb6 axb6 32. Rb1 Re2 33. Qf4 Qxf4
34. gxf4 d3 35. Rb3 Rxf2 36. Rxd3 Rd2+ 37. Kf1 Rxd3 38. f5 gxf5 39. h4 Kg7 40.
Ke2 Rd4 0-1

[Event "5ème open de Provence (B)"]
[Site "Salon de Provence"]
[Date "2014.??.??"]
[Round "4.13"]
[White "Boghossian, Hugo"]
[Black "Hassid, Samuel"]
[Result "1-0"]
[WhiteElo "1344"]
[BlackElo "1153"]
[PlyCount "67"]
[EventDate "2014.??.??"]

1. e4 e5 2. Nf3 Nc6 3. d4 exd4 4. Nxd4 Nxd4 5. Qxd4 Qf6 6. Be3 d6 7. Nc3 Qxd4
8. Bxd4 c5 9. Bb5+ Bd7 10. Bxd7+ Kxd7 11. Be3 f6 12. O-O-O Rd8 13. Bxc5 b6 14.
Be3 Kc8 15. Bf4 g5 16. Bg3 h5 17. h4 a6 18. Rd2 Rh7 19. Rhd1 Rhd7 20. hxg5 fxg5
21. e5 dxe5 22. Rxd7 Rxd7 23. Rxd7 Kxd7 24. Bxe5 Bc5 25. Ne4 Ke6 26. Nxc5+ Kxe5
27. Nxa6 Ke4 28. Kd2 h4 29. f3+ Kf4 30. Ke2 Kg3 31. Kf1 Nf6 32. Nb4 Nh5 33. Nd5
b5 34. c4 1-0

[Event "5ème open de Provence (B)"]
[Site "Salon de Provence"]
[Date "2014.??.??"]
[Round "4.14"]
[White "Achard-Rozan, Celian"]
[Black "Graccione, Angele"]
[Result "1-0"]
[WhiteElo "1330"]
[BlackElo "1040"]
[PlyCount "59"]
[EventDate "2014.??.??"]

1. e4 c5 2. c3 Nc6 3. d4 e6 4. Bf4 Nf6 5. Bg5 Be7 6. e5 Nd5 7. Bxe7 Ndxe7 8.
Nf3 O-O 9. Bd3 Nd5 10. O-O d6 11. exd6 Qxd6 12. Bc2 Re8 13. Qd3 g6 14. Nbd2 Nf4
15. Ne4 Qd5 16. Nf6+ Kf8 17. Nxd5 Nxd3 18. Nc7 Bd7 19. Bxd3 Rac8 20. Nxe8 Rxe8
21. Rfe1 cxd4 22. Nxd4 Ne5 23. Rxe5 f6 24. Re3 Kf7 25. Bb5 Re7 26. Bxd7 Rxd7
27. Rxe6 f5 28. Rae1 Rc7 29. Nb5 Rd7 30. Nd6+ 1-0

[Event "5ème open de Provence (B)"]
[Site "Salon de Provence"]
[Date "2014.??.??"]
[Round "4.15"]
[White "Philippe, Alexis"]
[Black "Villevieille, Lucas"]
[Result "0-1"]
[WhiteElo "1420"]
[BlackElo "1338"]
[PlyCount "110"]
[EventDate "2014.??.??"]

1. d4 Nf6 2. c4 g6 3. Nc3 Bg7 4. e4 d6 5. f3 O-O 6. Be3 e5 7. Nge2 Nc6 8. d5
Ne7 9. Qd2 Nd7 10. g4 b6 11. h4 Ba6 12. Ng3 Nc5 13. h5 Nc8 14. Be2 Rb8 15. hxg6
fxg6 16. Bh6 Rf7 17. O-O-O Kf8 18. Bg5 Bf6 19. Bxf6 Qxf6 20. Qh6+ Qg7 21. Qg5
Ke8 22. Rdf1 Nd7 23. f4 exf4 24. Rxf4 Rxf4 25. Qxf4 g5 26. Nf5 Qxc3+ 27. bxc3
gxf4 28. Rxh7 Nf6 29. Rh8+ Kf7 30. Rh4 Ne7 31. Nh6+ Kg6 32. Bd3 Kg5 33. Rh3
Nxg4 34. Nxg4 Kxg4 35. Rh7 Ng6 36. Rg7 Kh5 37. Rxc7 Rb7 38. Rc8 Ne5 39. Bf1 Rg7
40. Rh8+ Kg4 41. Kb2 Bxc4 42. Bxc4 Nxc4+ 43. Kb3 Nd2+ 44. Kc2 Nxe4 45. Kd3 Nc5+
46. Ke2 f3+ 47. Kf1 Kg3 48. Rh1 f2 49. a4 Ne4 50. Ke2 Kg2 51. Rf1 Nxc3+ 52. Kd3
Kxf1 53. Kxc3 Ke2 54. a5 f1=Q 55. Kb4 bxa5+ 0-1

[Event "5ème open de Provence (B)"]
[Site "Salon de Provence"]
[Date "2014.??.??"]
[Round "4.16"]
[White "Pietrac, Christian"]
[Black "Goeau, Philibert"]
[Result "1-0"]
[WhiteElo "1214"]
[BlackElo "1308"]
[PlyCount "153"]
[EventDate "2014.??.??"]

1. d4 e6 2. c4 d5 3. Nc3 Nf6 4. f3 Bb4 5. Bd2 Nc6 6. e3 O-O 7. Bd3 Re8 8. Nge2
b6 9. a3 Bd6 10. Nb5 Ba6 11. Qa4 Bxb5 12. Qxb5 Qd7 13. Qb3 Qe7 14. O-O Rad8 15.
Qc2 Qd7 16. b4 Ra8 17. c5 Bf8 18. b5 Ne7 19. c6 Qd6 20. Bb4 Qd8 21. a4 Ng6 22.
Be1 e5 23. a5 exd4 24. Nxd4 Rxe3 25. Bd2 Re8 26. axb6 axb6 27. Ra6 Bc5 28. Qc3
Qd6 29. Rfa1 Rac8 30. Kh1 Qd8 31. Nf5 Ne7 32. Nxe7+ Rxe7 33. Re1 Rxe1+ 34. Bxe1
Qe7 35. Bh4 Re8 36. Ra1 Bd6 37. Re1 Be5 38. Qd2 Qd6 39. g3 Ra8 40. Qc2 h6 41.
Kg2 Kh8 42. Qe2 Re8 43. Qf2 Kg8 44. f4 Bc3 45. Rxe8+ Nxe8 46. Qe2 Kf8 47. Kf3
Nf6 48. g4 d4 49. Qe5 Qxe5 50. fxe5 Nd5 51. Ke4 Nb4 52. Bc4 d3 53. Bxd3 Nxd3
54. Kxd3 Bxe5 55. Ke4 f6 56. h3 Kf7 57. Kd5 g5 58. Bf2 Ke7 59. h4 Bd6 60. h5
Kf7 61. Bxb6 Bf4 62. Bc5 f5 63. gxf5 Kf6 64. Ke4 Be5 65. b6 cxb6 66. Bxb6 g4
67. Bd4 Bxd4 68. Kxd4 Kxf5 69. c7 Kf4 70. c8=Q g3 71. Qf8+ Kg4 72. Qxh6 Kh3 73.
Qe6+ Kg2 74. Qe4+ Kh2 75. h6 g2 76. Qxg2+ Kxg2 77. h7 1-0

[Event "5ème open de Provence (B)"]
[Site "Salon de Provence"]
[Date "2014.??.??"]
[Round "5.1"]
[White "Salvi, Michel"]
[Black "Baroyan, Davit"]
[Result "1/2-1/2"]
[WhiteElo "1626"]
[BlackElo "1654"]
[PlyCount "44"]
[EventDate "2014.??.??"]

1. e4 c5 2. Nf3 Nc6 3. d4 cxd4 4. Nxd4 g6 5. Nc3 Bg7 6. Be3 Nf6 7. Be2 O-O 8.
f3 d5 9. Nxc6 bxc6 10. e5 Nd7 11. f4 Qa5 12. a3 Rb8 13. b4 Qc7 14. Na4 f6 15.
e6 Nb6 16. Nc5 Qd6 17. f5 Qe5 18. Qc1 Qxf5 19. Rf1 Qe5 20. Bf4 Qc3+ 21. Bd2 Qe5
22. Bf4 Qc3+ 1/2-1/2

[Event "5ème open de Provence (B)"]
[Site "Salon de Provence"]
[Date "2014.??.??"]
[Round "5.2"]
[White "Maccagnan, Tomas"]
[Black "Billon-Blouin, Alec"]
[Result "0-1"]
[WhiteElo "1679"]
[BlackElo "1579"]
[PlyCount "52"]
[EventDate "2014.??.??"]

1. e4 Nf6 2. Nc3 d5 3. exd5 Nxd5 4. Qf3 Nb6 5. d3 e5 6. Qg3 Nc6 7. Nf3 Qd6 8.
Bg5 h6 9. Nb5 Qb4+ 10. Bd2 Qxb5 11. Bc3 Na4 12. d4 Qd5 13. Nxe5 Nxe5 14. dxe5
Qe4+ 15. Kd2 Nxc3 16. Bd3 Qg4 17. bxc3 Qxg3 18. hxg3 Bc5 19. Ke2 Bd7 20. Be4
Bb5+ 21. Kf3 O-O-O 22. Rab1 Ba6 23. Rhd1 Rhe8 24. Rxd8+ Rxd8 25. c4 Rd2 26. Rf1
Bxc4 0-1

[Event "5ème open de Provence (B)"]
[Site "Salon de Provence"]
[Date "2014.??.??"]
[Round "5.3"]
[White "Maccagno, Gilbert"]
[Black "Noireaut, Hoan"]
[Result "0-1"]
[WhiteElo "1463"]
[BlackElo "1674"]
[PlyCount "96"]
[EventDate "2014.??.??"]

1. d4 Nf6 2. c4 g6 3. Nc3 Bg7 4. e4 d6 5. Nf3 O-O 6. Be2 Nbd7 7. O-O e5 8. d5
Nc5 9. Qc2 a5 10. Be3 Ne8 11. Bxc5 dxc5 12. Nd2 Nd6 13. a4 f5 14. exf5 Bxf5 15.
Bd3 Qc8 16. Nde4 Rd8 17. Rae1 b6 18. Nxd6 cxd6 19. Ne4 Rd7 20. b3 Qd8 21. Kh1
Rf7 22. Kg1 Bh6 23. Re2 Bf4 24. Ng3 Bxg3 25. hxg3 Qg5 26. Be4 h5 27. Bxf5 gxf5
28. Qc3 Rg7 29. f4 Qg4 30. Qf3 e4 31. Qxg4 Rxg4 32. Re3 Kh7 33. Kf2 Rag8 34.
Rh1 Kh6 35. Rh3 Kg6 36. Rh2 Rh8 37. Rh4 Re8 38. Rxg4+ fxg4 39. Ke2 Kf5 40. Kf2
Rh8 41. Rc3 h4 42. gxh4 Kxf4 43. g3+ Ke5 44. Kg2 Rf8 45. Re3 Kd4 46. Re1 Rf3
47. Rf1 e3 48. Rxf3 gxf3+ 0-1

[Event "5ème open de Provence (B)"]
[Site "Salon de Provence"]
[Date "2014.??.??"]
[Round "5.4"]
[White "Goeau, Loic"]
[Black "Mars, Theo"]
[Result "1-0"]
[WhiteElo "1651"]
[BlackElo "1449"]
[PlyCount "118"]
[EventDate "2014.??.??"]

1. e4 c6 2. e5 d5 3. exd6 Qxd6 4. Nf3 Bf5 5. Bc4 e6 6. O-O Nd7 7. d3 O-O-O 8.
Nh4 Bg6 9. Qf3 Ngf6 10. Bf4 Ne5 11. Qe2 Nfg4 12. h3 Qd4 13. g3 Nxc4 14. hxg4
Qxb2 15. Nd2 Nxd2 16. Qxd2 Bd6 17. Rfb1 Bxf4 18. Qxf4 Qd4 19. Nxg6 hxg6 20.
Qxf7 Rdf8 21. Qxb7+ Kd8 22. Qb8+ Ke7 23. Rb7+ Kf6 24. Qf4+ Qxf4 25. gxf4 Rh4
26. f3 g5 27. Kg2 gxf4 28. Rh1 Rxh1 29. Kxh1 g5 30. Rc7 Ke5 31. Rxc6 Rb8 32.
Rc5+ Kf6 33. a4 Rb2 34. Kg2 e5 35. Kf2 Ke6 36. Ke2 Kd6 37. Rc4 a5 38. Kd2 Kd5
39. Kc1 Rb7 40. Re4 Rc7 41. Kb2 Rb7+ 42. Kc3 Rc7+ 43. Rc4 Rb7 44. Kd2 Rb2 45.
Re4 Kd6 46. Kc1 Rb7 47. d4 exd4 48. Rxd4+ Ke5 49. Re4+ Kf6 50. Rc4 Ke5 51. Rc5+
Kd4 52. Rxg5 Ke3 53. Rb5 Rd7 54. Rb3+ Ke2 55. Kb2 Re7 56. c4 Re3 57. c5 Kxf3
58. c6 Kxg4 59. Rxe3 fxe3 1-0

[Event "5ème open de Provence (B)"]
[Site "Salon de Provence"]
[Date "2014.??.??"]
[Round "5.5"]
[White "Misene, Milan"]
[Black "Mazzella, Enzo"]
[Result "1/2-1/2"]
[WhiteElo "1410"]
[BlackElo "1554"]
[PlyCount "74"]
[EventDate "2014.??.??"]

1. e4 d5 2. exd5 Qxd5 3. Nc3 Qa5 4. d4 Nf6 5. Bd2 Qb6 6. Nf3 c6 7. Na4 Qd8 8.
Bd3 Bg4 9. c3 e6 10. h3 Bh5 11. b3 Be7 12. O-O Nbd7 13. a3 Bg6 14. Qc2 Bxd3 15.
Qxd3 O-O 16. b4 Qc7 17. Nc5 Bxc5 18. bxc5 b6 19. cxb6 axb6 20. Rfe1 Ra4 21. Ne5
Rfa8 22. Nxd7 Nxd7 23. c4 c5 24. Be3 cxd4 25. Bxd4 Qxc4 26. Qxc4 Rxc4 27. Red1
f6 28. Be3 Nc5 29. Rd6 Nb3 30. Ra2 b5 31. Rxe6 b4 32. a4 Nc5 33. Bxc5 Rxc5 34.
Kh2 Rb8 35. Ree2 b3 36. Rab2 Ra5 37. Re3 Rxa4 1/2-1/2

[Event "5ème open de Provence (B)"]
[Site "Salon de Provence"]
[Date "2014.??.??"]
[Round "5.6"]
[White "Telouk, Olivier"]
[Black "Cavanihac, Claude"]
[Result "1/2-1/2"]
[WhiteElo "1550"]
[BlackElo "1535"]
[PlyCount "107"]
[EventDate "2014.??.??"]

1. c4 e5 2. Nc3 Nf6 3. Nf3 d6 4. e3 e4 5. Ng5 Qe7 6. d3 Bf5 7. dxe4 Nxe4 8.
Ngxe4 Bxe4 9. Nd5 Qd7 10. f3 Bf5 11. e4 Be6 12. Be2 c6 13. Nf4 Be7 14. O-O O-O
15. Qc2 Bf6 16. Rd1 Qc7 17. Be3 Na6 18. Rab1 Rac8 19. b4 c5 20. Nd5 Bxd5 21.
cxd5 Nxb4 22. Qa4 a6 23. Rdc1 a5 24. a3 Na6 25. Bd2 Bd4+ 26. Kh1 Qe7 27. Qxa5
f5 28. Bd3 fxe4 29. Bxe4 Be5 30. Re1 Qh4 31. h3 Qg3 32. f4 Bxf4 33. Bxf4 Rxf4
34. Rxb7 c4 35. Re7 Nc5 36. Bc2 Nd3 37. Bxd3 Qxd3 38. Re8+ Rf8 39. Rxc8 Rxc8
40. Qa6 Rf8 41. Qxd6 c3 42. Qe6+ Kh8 43. Qe8 Qf5 44. d6 h6 45. d7 c2 46. d8=Q
Rxe8 47. Qxe8+ Kh7 48. Qc6 Qd3 49. Qa4 Qd2 50. Qe4+ Kh8 51. Qe8+ Kh7 52. Qe4+
Kh8 53. Qa8+ Kh7 54. Qe4+ 1/2-1/2

[Event "5ème open de Provence (B)"]
[Site "Salon de Provence"]
[Date "2014.??.??"]
[Round "5.7"]
[White "Frailinu, Jean-Bernard"]
[Black "Ulloa, Philippe"]
[Result "1/2-1/2"]
[WhiteElo "1574"]
[BlackElo "1443"]
[PlyCount "112"]
[EventDate "2014.??.??"]

1. c4 c6 2. Nc3 e6 3. Nf3 Nf6 4. a3 d5 5. cxd5 cxd5 6. e3 Be7 7. Bb5+ Nbd7 8.
d4 O-O 9. O-O a6 10. Bd3 h6 11. Bd2 b5 12. Na2 Bb7 13. Rc1 Rc8 14. Rc2 Qb6 15.
Qb1 Rxc2 16. Bxc2 Rc8 17. Ne5 Nf8 18. Rc1 a5 19. h3 Bd6 20. f4 Rc7 21. Be1 Ne4
22. Nc3 f6 23. Nxe4 dxe4 24. Ng4 h5 25. Nf2 f5 26. g4 hxg4 27. hxg4 g6 28. Kg2
Bd5 29. Bd2 b4 30. axb4 axb4 31. Bd1 b3 32. Be2 Ra7 33. Nd1 Qb8 34. Nc3 Bc6 35.
Rh1 Qa8 36. Qd1 Qb8 37. Bc4 Rb7 38. gxf5 gxf5 39. Kf2 Rg7 40. Qh5 Rh7 41. Qg5+
Rg7 42. Qh6 Rh7 43. Bxe6+ Nxe6 44. Qxe6+ Rf7 45. Rg1+ Kf8 46. Qh6+ Ke7 47. Rg6
Kd7 48. Rf6 Rxf6 49. Qxf6 Qf8 50. Qg6 Bb4 51. Kg3 Kc7 52. Qe6 Qg7+ 53. Kf2 Qg4
54. Qxb3 Qf3+ 55. Ke1 Qh1+ 56. Kf2 Qf3+ 1/2-1/2

[Event "5ème open de Provence (B)"]
[Site "Salon de Provence"]
[Date "2014.??.??"]
[Round "5.8"]
[White "Mars, Fiona"]
[Black "Achard-Rozan, Celian"]
[Result "1-0"]
[WhiteElo "1517"]
[BlackElo "1330"]
[PlyCount "57"]
[EventDate "2014.??.??"]

1. e4 e5 2. Nf3 Nc6 3. Bc4 Bc5 4. c3 Nge7 5. d4 exd4 6. cxd4 Bb4+ 7. Bd2 Bxd2+
8. Nbxd2 d5 9. exd5 Nxd5 10. Qb3 Nce7 11. O-O O-O 12. Rfe1 Nb6 13. Bd3 Be6 14.
Qc2 h6 15. Rac1 c6 16. Nb3 Qc7 17. Re2 Ned5 18. Ne5 Nd7 19. Nxd7 Bxd7 20. Rce1
Nf4 21. Bh7+ Kh8 22. Re7 g6 23. Nc5 Rad8 24. Ne6 Nxe6 25. R1xe6 Kxh7 26. Qxg6+
Kh8 27. Qxh6+ Kg8 28. Rg6+ fxg6 29. Qg7# 1-0

[Event "5ème open de Provence (B)"]
[Site "Salon de Provence"]
[Date "2014.??.??"]
[Round "5.9"]
[White "Porte, Jacques"]
[Black "Boghossian, Hugo"]
[Result "1-0"]
[WhiteElo "1487"]
[BlackElo "1344"]
[PlyCount "72"]
[EventDate "2014.??.??"]

1. d4 Nf6 2. Nf3 g6 3. Nc3 Bg7 4. Bf4 O-O 5. Qd2 Nc6 6. e4 d6 7. O-O-O Bg4 8.
Be2 b5 9. h3 b4 10. Nd5 Nxe4 11. Qe3 Bxf3 12. gxf3 Nf6 13. Bc4 e6 14. Nxf6+
Bxf6 15. d5 Na5 16. Bd3 exd5 17. Rhe1 Re8 18. Qxe8+ Qxe8 19. Rxe8+ Rxe8 20. Be3
c5 21. Bb5 Rb8 22. Bf1 d4 23. Bf4 Be5 24. Bh6 f5 25. f4 Bf6 26. b3 Kf7 27. Bg2
Re8 28. Bd5+ Ke7 29. Kd2 Kd7 30. Bf7 Re7 31. Bd5 Nc6 32. Re1 Rxe1 33. Kxe1 Ne7
34. Bc4 a5 35. Bb5+ Nc6 36. Bf8 c4 1-0

[Event "5ème open de Provence (B)"]
[Site "Salon de Provence"]
[Date "2014.??.??"]
[Round "5.10"]
[White "Loi, Emmanuel"]
[Black "Chabaud, Philippe"]
[Result "0-1"]
[WhiteElo "1271"]
[BlackElo "1480"]
[PlyCount "92"]
[EventDate "2014.??.??"]

1. d4 d5 2. Nc3 Nf6 3. Bf4 c6 4. f3 e6 5. e4 Bb4 6. Bd2 dxe4 7. Bg5 Bxc3+ 8.
bxc3 Qa5 9. Ne2 exf3 10. gxf3 Nd5 11. Bd2 Qd8 12. Ng3 Qh4 13. Qe2 Nd7 14. Kd1
N7f6 15. Ne4 Nxe4 16. fxe4 Nf6 17. e5 Nh5 18. Rg1 Nf4 19. Bxf4 Qxf4 20. Rg4 Qh6
21. Qf2 O-O 22. Rh4 Qg5 23. Bd3 g6 24. Ke2 f5 25. Rg1 Qe7 26. Qg2 Qxh4 27. Qg3
Qh5+ 28. Kd2 a5 29. c4 b6 30. h4 Ba6 31. a4 Rad8 32. Qf4 Kg7 33. Rg5 Qh6 34. h5
Kh8 35. Kc3 Rg8 36. d5 cxd5 37. cxd5 Bxd3 38. cxd3 Rxd5 39. Kb3 Rxd3+ 40. Kc4
Rd5 41. Qg3 Rc8+ 42. Kb3 Rcd8 43. Kc4 Rd4+ 44. Kb5 Rb4+ 45. Ka6 Qg7 46. hxg6
Ra8# 0-1

[Event "5ème open de Provence (B)"]
[Site "Salon de Provence"]
[Date "2014.??.??"]
[Round "5.11"]
[White "Goeau, Aurelice"]
[Black "Billon-Blouin, Colin"]
[Result "0-1"]
[WhiteElo "1232"]
[BlackElo "1284"]
[PlyCount "106"]
[EventDate "2014.??.??"]

1. e4 e5 2. Nf3 Nc6 3. Bc4 Nf6 4. Ng5 d5 5. exd5 Na5 6. Bb5+ c6 7. dxc6 bxc6 8.
Ba4 Ng4 9. d3 Qd4 10. Qf3 Qxa4 11. Qxf7+ Kd8 12. b3 Qd4 13. c3 Qxd3 14. Ne6+
Bxe6 15. Bg5+ Kc8 16. Qxe6+ Qd7 17. Qxd7+ Kxd7 18. O-O Be7 19. Rd1+ Ke6 20.
Bxe7 Kxe7 21. Nd2 Rad8 22. Ne4 Rxd1+ 23. Rxd1 Rd8 24. Re1 Nb7 25. h3 Nf6 26.
Ng5 h6 27. Rxe5+ Kd7 28. Nf3 Re8 29. Kf1 Rxe5 30. Nxe5+ Kd6 31. Nc4+ Ke6 32.
Ke2 Ne4 33. Kd3 Nxf2+ 34. Ke3 Nd1+ 35. Kd2 Nf2 36. Ke3 Nh1 37. Kf3 Nd6 38. Nd2
Nb5 39. Ne4 Kd5 40. Kf4 Ke6 41. Nc5+ Kd6 42. Ne4+ Ke6 43. Nc5+ Ke7 44. Ne4 Nd6
45. Nd2 Nf2 46. Ke3 Nd1+ 47. Kd3 Ke6 48. Nf3 Nb5 49. Nd4+ Nxd4 50. cxd4 Kd5 51.
Kd2 Nf2 52. Ke3 Ne4 53. Kd3 Nd6 0-1

[Event "5ème open de Provence (B)"]
[Site "Salon de Provence"]
[Date "2014.??.??"]
[Round "5.12"]
[White "Faillat, Alois"]
[Black "Pietrac, Christian"]
[Result "1-0"]
[WhiteElo "1477"]
[BlackElo "1214"]
[PlyCount "59"]
[EventDate "2014.??.??"]

1. e4 e5 2. Nf3 Nc6 3. Bc4 Nf6 4. d3 b6 5. c3 Bb7 6. Ng5 d5 7. exd5 Nxd5 8. Qf3
f6 9. Bxd5 Rb8 10. Bxc6+ Bxc6 11. Qxc6+ Qd7 12. Qxd7+ Kxd7 13. Nf3 Rd8 14. O-O
Kc8 15. Rd1 c5 16. d4 e4 17. Nh4 Be7 18. Nf5 Bf8 19. d5 g6 20. Ng3 Bd6 21. Nxe4
Rhe8 22. Nxd6+ Rxd6 23. Be3 g5 24. Na3 Re4 25. Nb5 Rd7 26. Rac1 a6 27. Na3 h6
28. Rd3 f5 29. f3 Re8 30. Nc4 1-0

[Event "5ème open de Provence (B)"]
[Site "Salon de Provence"]
[Date "2014.??.??"]
[Round "5.13"]
[White "Villevieille, Lucas"]
[Black "Benezra, Silke"]
[Result "1-0"]
[WhiteElo "1338"]
[BlackElo "1405"]
[PlyCount "46"]
[EventDate "2014.??.??"]

1. d4 Nf6 2. c4 g6 3. Nc3 Bg7 4. e4 d6 5. Nf3 c5 6. dxc5 O-O 7. cxd6 exd6 8.
Bf4 Re8 9. Bd3 Qb6 10. Rb1 Qc6 11. O-O Be6 12. Nd5 Nxd5 13. exd5 Bxd5 14. cxd5
Qxd5 15. Re1 Nc6 16. Bc2 Qxa2 17. Qxd6 Rad8 18. Rxe8+ Rxe8 19. Bb3 Qa5 20. Qd5
Rd8 21. Qxf7+ Kh8 22. Re1 h6 23. Re8+ Kh7 1-0

[Event "5ème open de Provence (B)"]
[Site "Salon de Provence"]
[Date "2014.??.??"]
[Round "5.14"]
[White "Brenon, Stephane"]
[Black "Hervy, Daniel"]
[Result "1-0"]
[WhiteElo "1360"]
[BlackElo "1310"]
[PlyCount "47"]
[EventDate "2014.??.??"]

1. e4 e5 2. Nf3 d6 3. d4 exd4 4. Nxd4 c5 5. Nb3 Nc6 6. Bc4 Ne5 7. Bb5+ Bd7 8.
Be2 Nf6 9. Nc3 g6 10. O-O Bg7 11. Nd5 Nxe4 12. Nd2 Ng5 13. f4 Nh3+ 14. gxh3
Bxh3 15. Rf2 Nc6 16. Bg4 Bd4 17. Qe2+ Kf8 18. Bxh3 Bxf2+ 19. Qxf2 Nd4 20. Ne4
f5 21. c3 Nc6 22. Ng5 Ke8 23. Qe2+ Kd7 24. Qe6# 1-0

[Event "5ème open de Provence (B)"]
[Site "Salon de Provence"]
[Date "2014.??.??"]
[Round "5.15"]
[White "Graccione, Angele"]
[Black "Grima-Flores, Jose"]
[Result "0-1"]
[WhiteElo "1040"]
[BlackElo "1340"]
[PlyCount "68"]
[EventDate "2014.??.??"]

1. e4 e5 2. Nf3 d6 3. d4 exd4 4. Nxd4 Nf6 5. Nc3 a6 6. Be2 Nbd7 7. Be3 Nc5 8.
f3 Be7 9. Qd2 Bd7 10. O-O-O c6 11. Nf5 Bxf5 12. exf5 d5 13. Bd4 O-O 14. g4 Qc7
15. Bxc5 Bxc5 16. Na4 Bd6 17. g5 Bf4 18. Kb1 Bxd2 19. Rxd2 Nh5 20. Bd1 Rfe8 21.
c3 Re5 22. Bc2 Rae8 23. b3 Re1+ 24. Rxe1 Rxe1+ 25. Kb2 Qf4 26. Rd1 Rxd1 27.
Bxd1 Qd2+ 28. Bc2 Qe3 29. h4 b5 30. g6 bxa4 31. b4 Qd2 32. gxh7+ Kxh7 33. f6+
g6 34. a3 Nf4 0-1

[Event "5ème open de Provence (B)"]
[Site "Salon de Provence"]
[Date "2014.??.??"]
[Round "5.16"]
[White "Hassid, Samuel"]
[Black "Philippe, Alexis"]
[Result "0-1"]
[WhiteElo "1153"]
[BlackElo "1420"]
[PlyCount "110"]
[EventDate "2014.??.??"]

1. c4 Nf6 2. g3 e5 3. Bg2 Bc5 4. Nc3 O-O 5. e3 Nc6 6. Nge2 d6 7. O-O Bf5 8. h3
Rb8 9. d3 Qd7 10. Kh2 Ne7 11. e4 Be6 12. f4 exf4 13. gxf4 Ng6 14. f5 Bxf5 15.
exf5 Nh4 16. Ng3 h6 17. Nce4 Nxe4 18. dxe4 Nxg2 19. Kxg2 Kh7 20. Qg4 Qe8 21.
Nh5 Rg8 22. f6 g6 23. Ng3 Qf8 24. Bf4 Bd4 25. Bc1 Re8 26. Rb1 Re6 27. e5 Bxe5
28. Ne4 a6 29. a4 c6 30. b3 b6 31. b4 d5 32. cxd5 cxd5 33. Bf4 Bxf4 34. Qxf4
Rxe4 35. Qd2 Qd6 36. Rf3 Qe5 37. Kh1 Re2 38. Qf4 Qxf4 39. Rxf4 Rd8 40. Rd4 Rf2
41. Rbd1 Rxf6 42. Rxd5 Rxd5 43. Rxd5 Rf4 44. b5 Rxa4 45. bxa6 Rxa6 46. Rb5 Kg7
47. Kg2 f5 48. Kf3 Kf6 49. h4 g5 50. h5 g4+ 51. Kf4 Ra4+ 52. Kg3 Kg5 53. Rxb6
Kxh5 54. Rb5 Kg5 55. Rc5 h5 0-1

[Event "5ème open de Provence (B)"]
[Site "Salon de Provence"]
[Date "2014.??.??"]
[Round "6.1"]
[White "Noireaut, Hoan"]
[Black "Baroyan, Davit"]
[Result "1-0"]
[WhiteElo "1674"]
[BlackElo "1654"]
[PlyCount "75"]
[EventDate "2014.??.??"]

1. e4 c5 2. d3 Nc6 3. g3 Nf6 4. Bg2 d6 5. f4 g6 6. Nf3 Bg7 7. h3 h5 8. Nc3 Qc7
9. Be3 Bd7 10. Nh4 e6 11. Rf1 Ne7 12. Qe2 O-O-O 13. Qf3 Bc6 14. Qf2 Qb6 15.
O-O-O Ne8 16. f5 exf5 17. exf5 Bf6 18. Bxc6 Qxc6 19. fxg6 fxg6 20. d4 b6 21.
dxc5 dxc5 22. Rxd8+ Kxd8 23. Rd1+ Kc8 24. Nxg6 Nxg6 25. Qf5+ Kb7 26. Qxg6 Bxc3
27. Qf7+ Qc7 28. Rd7 Be5 29. Rxc7+ Nxc7 30. Bf4 Bxf4+ 31. Qxf4 Nb5 32. g4 Nd4
33. Qe4+ Ka6 34. c3 Nb5 35. Qc4 hxg4 36. hxg4 Rh1+ 37. Kc2 Rh2+ 38. Kb3 1-0

[Event "5ème open de Provence (B)"]
[Site "Salon de Provence"]
[Date "2014.??.??"]
[Round "6.2"]
[White "Billon-Blouin, Alec"]
[Black "Salvi, Michel"]
[Result "1-0"]
[WhiteElo "1579"]
[BlackElo "1626"]
[PlyCount "61"]
[EventDate "2014.??.??"]

1. e4 c5 2. d4 cxd4 3. c3 Nf6 4. e5 Nd5 5. Qxd4 e6 6. Nf3 Be7 7. Qg4 Kf8 8. Bd3
h5 9. Qg3 Nc6 10. Ng5 f5 11. exf6 Nxf6 12. Bg6 h4 13. Qf4 Qa5 14. Nf7 e5 15.
Qf3 Nd4 16. Qd3 Rg8 17. b4 Bxb4 18. cxb4 Qxb4+ 19. Qc3 Nc2+ 20. Bxc2 Qxc3+ 21.
Nxc3 Kxf7 22. Bb3+ d5 23. Bxd5+ Nxd5 24. Nxd5 Bd7 25. Bb2 Bc6 26. Ne3 e4 27.
O-O g5 28. Ng4 Bb5 29. Rfe1 Kg6 30. Rxe4 Rge8 31. f3 1-0